书目信息 |
| 题名: |
废渣烧制砖瓦技术
|
|
| 作者: | 何水清 编著 | |
| 分册: | ||
| 出版信息: | 北京 中国建筑工业出版社 2008.05 |
|
| 页数: | 22, 472页 | |
| 开本: | 21cm | |
| 丛书名: | ||
| 单 册: | ||
| 中图分类: | TU522.064 | |
| 科图分类: | ||
| 主题词: | 废渣--fei zha--焙烧--砖--技术 , 废渣--fei zha--焙烧--瓦--技术 | |
| 电子资源: | ||
| ISBN: | 978-7-112-09783-8 | |
| 000 | 00860nam0 2200241 450 | |
| 001 | 012008917073 | |
| 005 | 20080803192554.81 | |
| 010 | @a978-7-112-09783-8@dCNY33.00 | |
| 100 | @a20080803d2008 em y0chiy0120 ea | |
| 101 | 0 | @achi |
| 102 | @aCN@b110000 | |
| 105 | @aak z 000yy | |
| 106 | @ar | |
| 200 | 1 | @a废渣烧制砖瓦技术@Afei zha shao zhi zhuan wa ji shu@f何水清编著@Fhe shui qing bian zhu |
| 210 | @a北京@c中国建筑工业出版社@d2008.05 | |
| 215 | @a22, 472页@c图@d21cm | |
| 330 | @a本书共分8章。主要包括煤矸石制砖、粉煤灰制砖、页岩制砖、利用工业固体废弃物制砖、利用垃圾制砖、废渣制瓦、废料灰砂制砖和其它废渣制砖等内容。 | |
| 606 | 0 | @a废渣@Afei zha@x焙烧@x砖@x技术 |
| 606 | 0 | @a废渣@Afei zha@x焙烧@x瓦@x技术 |
| 690 | @aTU522.064@v4 | |
| 701 | 0 | @a何水清@Ahe shui qing@4编著 |
| 801 | 0 | @aCN@bQSSK@c20080803 |
| 905 | @b731883-85@dTU522.064@eH205@f3 | |
| 废渣烧制砖瓦技术/何水清编著.-北京:中国建筑工业出版社,2008.05 |
| 22, 472页:图;21cm |
| ISBN 978-7-112-09783-8:CNY33.00 |
| 本书共分8章。主要包括煤矸石制砖、粉煤灰制砖、页岩制砖、利用工业固体废弃物制砖、利用垃圾制砖、废渣制瓦、废料灰砂制砖和其它废渣制砖等内容。 |
| ● |
| 相关链接 |
|
|
|
正题名:废渣烧制砖瓦技术
索取号:TU522.064/H205
 
预约/预借
| 序号 | 登录号 | 条形码 | 馆藏地/架位号 | 状态 | 备注 |
| 1 | 731883 | 207318838 | 建筑库201/201建筑库 8排2列4层/ [索取号:TU522.064/H205] | 在馆 | |
| 2 | 731884 | 207318847 | 建筑库201/201建筑库 7排1列2层/ [索取号:TU522.064/H205] | 在馆 | |
| 3 | 731885 | 207318856 | 建筑库201/201建筑库 8排2列4层/ [索取号:TU522.064/H205] | 在馆 |